| 000 | 00620cam a2200265 a 4500 | ||
|---|---|---|---|
| 001 | 000018723 | ||
| 003 | DO-SdBNP | ||
| 005 | 20221018113251.0 | ||
| 007 | ta | ||
| 008 | 840213s0000 ag b 000 0 spa d | ||
| 040 |
_aDO-SdBNP _bspa _cBNPHU |
||
| 082 |
_axxx _bM262 _222 |
||
| 100 | _940412 | ||
| 245 | 1 | 0 | _aMalvinas |
| 260 |
_aBuenos Aires, Argentina : _bSecretaria de Cultura de Argentina, _c19? |
||
| 300 |
_a76 p. ; _c21 cm. |
||
| 590 | _aInventariado, 2022 / DG | ||
| 650 | 0 | _940413 | |
| 650 | 0 | _940414 | |
| 700 | 1 | _940415 | |
| 700 | 1 | _940416 | |
| 830 | 0 | _940417 | |
| 910 | _aDG | ||
| 942 |
_2ddc _cLBS1 |
||
| 999 |
_c52562 _d52562 |
||